000 00382nam a22001577a 4500
005 20200529095720.0
008 200529b xxu||||| |||| 00| 0 eng d
041 _aeng
082 _a340
100 _aBARE ACT
_95744
245 _aTHE SPECIAL MARRIAGE ACT,1954 (43-1954).
260 _aDELHI
_bPROFESSIONALS BOOK PUBLISHERS
300 _a26,p
650 _aLAW
_95701
942 _cBK
999 _c6594
_d6592